<?xml version="1.0" encoding="UTF-8"?>
<collection xmlns="http://www.loc.gov/MARC21/slim">
 <record>
  <leader>00433pamaa2200157   4500</leader>
  <controlfield tag="001">0000014520</controlfield>
  <controlfield tag="005">20060629090000.0</controlfield>
  <datafield tag="020" ind1="0" ind2="0">
   <subfield code="a">0582097991 </subfield>
  </datafield>
  <datafield tag="082" ind1=" " ind2=" ">
   <subfield code="a">671 SMI 1993</subfield>
  </datafield>
  <datafield tag="090" ind1="0" ind2="0">
   <subfield code="a">TS227 </subfield>
   <subfield code="b">SMI 1993</subfield>
  </datafield>
  <datafield tag="100" ind1="1" ind2="0">
   <subfield code="a">SMITH </subfield>
  </datafield>
  <datafield tag="245" ind1="1" ind2="0">
   <subfield code="a">Fundamentals of fabrication and welding engineering  </subfield>
   <subfield code="c">F.J.M..</subfield>
  </datafield>
  <datafield tag="260" ind1="0" ind2="0">
   <subfield code="a">Essex: </subfield>
   <subfield code="b">Longman Scientific &amp; Technical, </subfield>
   <subfield code="c">1993.</subfield>
  </datafield>
  <datafield tag="300" ind1=" " ind2=" ">
   <subfield code="a">v, 465p.: </subfield>
   <subfield code="b">22cm.</subfield>
  </datafield>
  <datafield tag="650" ind1="0" ind2="0">
   <subfield code="a">Fabricating equipment </subfield>
  </datafield>
  <datafield tag="650" ind1="0" ind2="0">
   <subfield code="a">Welding </subfield>
  </datafield>
 </record>
</collection>
